| 000 | 00442nam a22001577a 4500 | ||
|---|---|---|---|
| 003 | OSt | ||
| 005 | 20240419161350.0 | ||
| 008 | 240419b |||||||| |||| 00| 0 eng d | ||
| 040 | _cMRSPTU | ||
| 100 | _aNamwar Singh (नामवर सिंह) | ||
| 245 | _aPratinidhi Kavitayen ( प्रतिनिधि कविताएँ) | ||
| 250 | _a11th | ||
| 260 |
_aDelhi _bRajkamal Prakashan _c2010 |
||
| 300 | _a144 | ||
| 942 |
_2ddc _cBK _n0 |
||
| 999 |
_c10128 _d10128 |
||